| 000 | 00393nam a2200157Ia 4500 | ||
|---|---|---|---|
| 008 | 210716s2004 xx 000 0 und d | ||
| 020 | _a8181284186 | ||
| 041 | _aeng | ||
| 082 | _a337.1 GANG | ||
| 100 | _aGandolfo, Giancarlo. | ||
| 245 | _aElements of international economics. | ||
| 250 | _a1 | ||
| 260 |
_aNew Dehi _bSpringer _c2004 |
||
| 300 | _a335 | ||
| 650 | _aInternational Economics | ||
| 999 |
_c205348 _d205348 |
||